| 000 -LEADER |
| fixed length control field |
00616nam a2200217Ia 4500 |
| 001 - CONTROL NUMBER |
| control field |
16155 |
| 003 - CONTROL NUMBER IDENTIFIER |
| control field |
GE_BSU |
| 005 - DATE AND TIME OF LATEST TRANSACTION |
| control field |
20220926110737.0 |
| 008 - FIXED-LENGTH DATA ELEMENTS--GENERAL INFORMATION |
| fixed length control field |
181216s2011||||enk|||||||||||||| ||eng|| |
| 020 ## - INTERNATIONAL STANDARD BOOK NUMBER |
| International Standard Book Number |
9780763771539 |
| 040 ## - CATALOGING SOURCE |
| Transcribing agency |
GE_BSU |
| 080 ## - UNIVERSAL DECIMAL CLASSIFICATION NUMBER |
| Universal Decimal Classification number |
630 V-26 |
| 100 ## - MAIN ENTRY--PERSONAL NAME |
| Personal name |
Vandermeer, John H. |
| 9 (RLIN) |
14773 |
| 245 #4 - TITLE STATEMENT |
| Title |
The Ecology of Agroecosystems / |
| Statement of responsibility, etc. |
Vandermeer, John H. |
| 264 ## - PRODUCTION, PUBLICATION, DISTRIBUTION, MANUFACTURE, AND COPYRIGHT NOTICE |
| Place of production, publication, distribution, manufacture |
Boston : |
| Date of production, publication, distribution, manufacture, or copyright notice |
2011. |
| 300 ## - PHYSICAL DESCRIPTION |
| Extent |
386 p.; |
| Other physical details |
23 cm. |
| 653 ## - INDEX TERM--UNCONTROLLED |
| keyword |
აგროეკოსისტემა |
| 653 ## - INDEX TERM--UNCONTROLLED |
| keyword |
ეკოლოგია |
| 653 ## - INDEX TERM--UNCONTROLLED |
| keyword |
Экология агроэкосистем |
| 942 ## - ADDED ENTRY ELEMENTS (KOHA) |
| Koha item type |
წიგნი |
| Source of classification or shelving scheme |
|